01007 2200313 4500001002100000005001500021035002000036007000300056008004100059020002200100082001600122084001800138100003400156245014000190250003100330300002800361650003300389700003100422264003200453336002100485337003000506338002300536040002200559090002200581850001200603504003400615999002200649990002200671INLIS00000000089953620250918111325 a0010-0925000459ta250918s2025 yoi g ind d a978-634-01-0921-404223a346.092 a346.092 EMI p0 aEmir Adzan SyazaliePengarang10aPerlindungan hukum investor terhadap praktik insider trading di pasar modal Indonesia /cEmir Adzan Syazali; penyunting, Lala Nilawanti aCetakan pertama: Juni 2025 ax, 239 halaman ;c23 cm 4aInvestor individual--vHukum0 aLala NilawantiePenyunting31aSleman :bDeepublish,c2025 2rdacontentateks 2rdamediaatanpa perantara 2rdacarrieravolume aYOPDYOGbinderda aCB-D.11 2025-2898 aYOPDYOG aBibliografi : halaman 231-239 aCB-D.11/2025-2898 aCB-D.11/2025-2898